000 00627nam a2200181 4500
001 118813
003 ES-MaACL
005 20230906191202.0
007 t|
008 070214s1954 sp r ||||1| spa d
100 1 _aPérez Calvet, R.
_990695
245 1 0 _aMejora de praderas y pastizales /
_cpor R. Pérez Calvet y M. Madueño Box.
260 _aMadrid :
_b[s.n.],
_c1954 (
_fTip. Artística)
300 _a37 p. :
_bil ;
_c24 cm.
500 _aPrecede al ti. : Ministerio de Agricultura. Instituto Nacional de Investigaciones Agronómicas.
700 1 _aMadueño Box, M.
_975375
852 _aES-MaACL
_j1963-F-11
_bR.36766
999 _c118813
_d118813